crush - ethel cain - Statistics

General Stats
  • This quiz has been taken 32 times
  • The average score is 262 of 339
Answer Stats
Answer % Correct
he
100%
i
100%
the
100%
a
94%
and
94%
but
94%
hes
94%
him
94%
his
94%
in
94%
like
94%
me
94%
me)
94%
so
94%
you
94%
(you
94%
you)
94%
be
88%
get
88%
if
88%
it
88%
it)
88%
no
88%
of
88%
on
88%
read
88%
reds
88%
say
88%
to
88%
back
81%
been
81%
black
81%
brother
81%
can
81%
cant
81%
come
81%
daddys
81%
death
81%
enough
81%
eye
81%
first
81%
hands
81%
ill
81%
(ill
81%
ive
81%
kisses
81%
look
81%
looks
81%
makes
81%
men
81%
mind
81%
moms
81%
more
81%
mother
81%
my
81%
older
81%
only
81%
owe
81%
sayin
81%
says
81%
should
81%
smells
81%
tell
81%
two
81%
wanna
81%
want
81%
watch
81%
when
81%
with
81%
works
81%
actually
75%
always
75%
baby
75%
baby)
75%
bagged
75%
chest
75%
coke
75%
cool
75%
die
75%
em
75%
had
75%
id
75%
important
75%
its
75%
loves
75%
marlboro
75%
mercury
75%
problem
75%
screaming
75%
some
75%
too
75%
tried
75%
up
75%
valedictorian
75%
watching
75%
(yeah
75%
about
69%
cause
69%
denies
69%
fucking
69%
good
69%
guns
69%
he'll
69%
just
69%
know
69%
locker
69%
rather
69%
right
69%
row
69%
something
69%
though
69%
ugh
69%
wearin
69%
your
69%
all
63%
friends
63%
glass
63%
hasnt
63%
knows
63%
oh
63%
steady
63%
theres
63%
(theres
63%
bad
56%
bitch
56%
corner
56%
couldnt
56%
did
56%
fight
56%
hates
56%
keepin
56%
life
56%
move
56%
save
56%
showin
56%
that
56%
already
50%
at
50%
crazy
50%
crazy)
50%
jacket
50%
lately
50%
maybe
50%
off
50%
passed
50%
somethings
50%
sure
50%
til
50%
youre
50%
camo
44%
fours
44%
lied
44%
piss
44%
robbin
44%
shooting
44%
stores
44%
(stores)
44%
dope
38%
hard
38%
weird
38%
windows
38%
feeling
31%
slung
31%
true)
31%
beat
25%
low
25%
odds
25%
No matching quizzes found
Score Distribution
Percent of People with Each Score
Percentile by Number Answered
Your Score History
You have not taken this quiz